Statistics for Countries Where Russian Is An Official Language

Click here to take the quiz!

General Stats

  • This quiz has been taken 81 times
  • The average score is 10 of 12

Answer Stats

Countries Where Russian Is An Official Language% Correct
Russia
100%
Belarus
97%
Kazakhstan
95%
Ukraine
95%
Kyrgyzstan
88%
Georgia
87%
Uzbekistan
87%
Armenia
85%
Tajikistan
85%
Moldova
80%
Poland
60%
Romania
44%

Score Distribution

Percentile by Number Answered

Percent of People with Each Score

Your Score History

You have not taken this quiz